[Event "RN-2012-0-00560"]
[Site "LSS email"]
[Date "2012.11.15"]
[Round "?"]
[White "Weatherspoon, Jim"]
[Black "Lombardi, Donato"]
[Result "1-0"]
[WhiteElo "800"]
[BlackElo "972"]
[PlyCount "55"]
[EventDate "2012.11.07"]
[EventType "tourn (corr)"]
[EventRounds "6"]
[EventCountry "GER"]
[SourceTitle "Corr 2022"]
[Source "ChessBase"]
[SourceDate "2021.10.24"]
[SourceVersion "1"]
[SourceVersionDate "2021.10.24"]
[SourceQuality "1"]

1. e4 e6 2. d4 d5 3. Nd2 Nf6 4. e5 Nfd7 5. Bd3 c5 6. c3 cxd4 7. cxd4 Bb4 8. Ngf3 0-0 9. 0-0 f6 10. Nb3 fxe5 11. Ng5 e4 12. Nxe6 Qf6 13. Nxf8 Nxf8 14. Bc2 Nc6 15. f3 Ne6 16. a3 Bd6 17. fxe4 Qe7 18. exd5 Nexd4 19. dxc6 Nxc2 20. Qxc2 bxc6 21. Bf4 Ba6 22. Qxc6 Bb7 23. Qxd6 Qe4 24. Rf2 Rf8 25. Nc5 Qc6 26. Qxf8+ Kxf8 27. Bd6+ Ke8 28. Rf8# 1-0

[Event "SN-2012-0-00463"]
[Site "LSS email"]
[Date "2012.10.02"]
[Round "?"]
[White "Weatherspoon, Jim"]
[Black "Newton, Daryl"]
[Result "1-0"]
[WhiteElo "917"]
[BlackElo "594"]
[PlyCount "69"]
[EventDate "2012.09.07"]
[EventType "tourn (corr)"]
[EventRounds "6"]
[EventCountry "GER"]
[SourceTitle "Telechess CBM 163"]
[Source "ChessBase"]
[SourceDate "2014.11.11"]
[SourceVersion "2"]
[SourceVersionDate "2014.11.11"]
[SourceQuality "1"]

1. e4 e5 2. Nf3 Nf6 3. Nxe5 Nxe4 4. Qe2 d5 5. d3 Bd6 6. Nf3 Bf5 7. dxe4 Bxe4 8. Nc3 Bb4 9. Bd2 Qe7 10. Nxe4 dxe4 11. Nd4 0-0 12. 0-0-0 Nc6 13. Nxc6 bxc6 14. Qc4 c5 15. Be2 a5 16. c3 Rab8 17. cxb4 axb4 18. Be3 b3 19. a3 Rfd8 20. Bxc5 Qg5+ 21. Be3 Qxg2 22. Rxd8+ Rxd8 23. Rd1 Rxd1+ 24. Bxd1 Qxh2 25. Qxb3 Qd6 26. Qb8+ Qf8 27. Qxf8+ Kxf8 28. a4 Ke8 29. a5 Kd8 30. a6 Kc8 31. a7 Kb7 32. Bb3 h5 33. Bd5+ c6 34. Bxc6+ Kxc6 35. a8Q+ 1-0

[Event "SN-2012-0-00463"]
[Site "LSS email"]
[Date "2012.10.01"]
[Round "?"]
[White "Heineccius, August"]
[Black "Weatherspoon, Jim"]
[Result "0-1"]
[WhiteElo "544"]
[BlackElo "917"]
[PlyCount "66"]
[EventDate "2012.09.07"]
[EventType "tourn (corr)"]
[EventRounds "6"]
[EventCountry "GER"]
[SourceTitle "Telechess CBM 163"]
[Source "ChessBase"]
[SourceDate "2014.11.11"]
[SourceVersion "2"]
[SourceVersionDate "2014.11.11"]
[SourceQuality "1"]

1. e4 c5 2. Bc4 Nc6 3. c3 e6 4. Nf3 d5 5. Bd3 c4 6. Bc2 Nf6 7. e5 Nd7 8. d4 cxd3 9. Bxd3 Ndxe5 10. Bb5 Qb6 11. Qe2 Nxf3+ 12. gxf3 Bd7 13. Be3 Qa5 14. 0-0 Bd6 15. Nd2 0-0 16. Nb3 Qc7 17. Kh1 Bxh2 18. f4 Bxf4 19. Qf3 Bxe3 20. fxe3 Ne5 21. Qf4 Bxb5 22. Rg1 Bd3 23. Qg3 Be4+ 24. Kh2 Nf3+ 25. Kh3 Nxg1+ 26. Rxg1 Qxg3+ 27. Rxg3 Rac8 28. Nd2 Bf5+ 29. Kh4 f6 30. Nf3 Rc4+ 31. Kh5 Re4 32. Nd4 g6+ 33. Kh6 Rh4# 0-1

[Event "CP-2012-P-00022"]
[Site "LSS email"]
[Date "2012.10.01"]
[Round "?"]
[White "Larwinski, Paul"]
[Black "Weatherspoon, Jim"]
[Result "1-0"]
[WhiteElo "2153"]
[BlackElo "917"]
[PlyCount "71"]
[EventDate "2012.10.05"]
[EventType "tourn (corr)"]
[EventRounds "6"]
[EventCountry "GER"]
[SourceTitle "Telechess CBM 159"]
[Source "ChessBase"]
[SourceDate "2014.03.17"]
[SourceVersion "1"]
[SourceVersionDate "2014.03.17"]
[SourceQuality "1"]

1. e4 c5 2. Nf3 d6 3. d4 cxd4 4. Nxd4 Nf6 5. Nc3 a6 6. Be2 e5 7. Nb3 Be7 8. 0-0 0-0 9. Qd3 Be6 10. Bd2 Nc6 11. Nd5 a5 12. a4 Bxd5 13. exd5 Nb4 14. Qb5 Nxc2 15. Rac1 Nb4 16. Bxb4 axb4 17. Qxb7 Qb8 18. Qb5 Qxb5 19. Bxb5 Nxd5 20. Rfd1 Nf4 21. Rc7 Bf6 22. Rxd6 Rad8 23. Rxd8 Rxd8 24. g3 Ne6 25. Rb7 Rd1+ 26. Kg2 Nd8 27. Rb8 Rb1 28. a5 Rxb2 29. Nc5 Ra2 30. Na4 Rc2 31. a6 Rc7 32. Nc5 b3 33. Nb7 g6 34. a7 Rxb7 35. Rxb7 b2 36. Bd3 1-0

[Event "CP-2012-P-00022"]
[Site "LSS email"]
[Date "2012.10.01"]
[Round "?"]
[White "Weatherspoon, Jim"]
[Black "Shapovalov, Dima"]
[Result "0-1"]
[WhiteElo "917"]
[BlackElo "1803"]
[PlyCount "62"]
[EventDate "2012.10.05"]
[EventType "tourn (corr)"]
[EventRounds "6"]
[EventCountry "GER"]
[SourceTitle "Telechess CBM 159"]
[Source "ChessBase"]
[SourceDate "2014.03.17"]
[SourceVersion "1"]
[SourceVersionDate "2014.03.17"]
[SourceQuality "1"]

1. e4 e5 2. Nf3 Nc6 3. Bb5 a6 4. Ba4 Nf6 5. 0-0 Be7 6. Re1 b5 7. Bb3 0-0 8. a4 Bb7 9. d3 d6 10. Nbd2 Nd7 11. axb5 axb5 12. Rxa8 Qxa8 13. c3 Nc5 14. Qc2 Nxb3 15. Nxb3 h6 16. Be3 f5 17. exf5 Rxf5 18. Ra1 Qe8 19. Nbd2 Qf7 20. Ne4 Qe6 21. b3 Rf8 22. c4 bxc4 23. bxc4 Nb4 24. Qb3 c5 25. Ne1 Qg6 26. Nc2 d5 27. Nxb4 cxb4 28. cxd5 Qf7 29. Ra7 Ra8 30. Rxa8+ Bxa8 31. Qa4 Bxd5 0-1

[Event "OP-2012-0-02428"]
[Site "LSS email"]
[Date "2012.09.28"]
[Round "?"]
[White "Rogachev, Vitaly Vasilievich"]
[Black "Weatherspoon, Jim"]
[Result "1-0"]
[WhiteElo "1708"]
[BlackElo "917"]
[PlyCount "69"]
[EventDate "2012.09.26"]
[EventType "tourn (corr)"]
[EventRounds "4"]
[EventCountry "GER"]
[SourceTitle "Telechess CBM 163"]
[Source "ChessBase"]
[SourceDate "2014.11.11"]
[SourceVersion "2"]
[SourceVersionDate "2014.11.11"]
[SourceQuality "1"]

1. Nf3 Nf6 2. d4 g6 3. c4 Bg7 4. Nc3 d6 5. e4 0-0 6. Be2 e5 7. 0-0 Na6 8. Be3 Ng4 9. Bg5 Qe8 10. dxe5 dxe5 11. h3 Nf6 12. Be3 b6 13. a3 Nh5 14. b4 Nf4 15. c5 Nxe2+ 16. Qxe2 f5 17. Rfd1 f4 18. Bd2 Rf7 19. c6 Nb8 20. b5 a6 21. a4 Be6 22. Ng5 Rf8 23. a5 bxa5 24. Rxa5 Kh8 25. Nd5 Bxd5 26. exd5 Rf5 27. Ne6 Qc8 28. Rb1 f3 29. Qc4 fxg2 30. bxa6 Nxa6 31. Rb7 Bf8 32. Rxa6 Rf7 33. Rxc7 Rxc7 34. Rxa8 Qxa8 35. Nxc7 1-0

[Event "OP-2012-0-02428"]
[Site "LSS email"]
[Date "2012.09.28"]
[Round "?"]
[White "Weatherspoon, Jim"]
[Black "Payne, David"]
[Result "1-0"]
[WhiteElo "917"]
[BlackElo "800"]
[PlyCount "37"]
[EventDate "2012.09.26"]
[EventType "tourn (corr)"]
[EventRounds "4"]
[EventCountry "GER"]
[SourceTitle "Corr 2015"]
[Source "ChessBase"]
[SourceDate "2015.07.17"]
[SourceVersion "1"]
[SourceVersionDate "2015.07.17"]
[SourceQuality "1"]

1. e4 e5 2. Nf3 Nc6 3. Bb5 a6 4. Ba4 Nf6 5. 0-0 Be7 6. Re1 b5 7. Bb3 d6 8. c3 0-0 9. h3 Bb7 10. d4 Re8 11. Nbd2 Na5 12. Bc2 exd4 13. cxd4 c5 14. d5 Nd7 15. Nf1 Nc4 16. Ne3 Nde5 17. Nxc4 Nxc4 18. Bd3 Nb6 19. Be3 1-0